书目信息 |
| 题名: |
王符评传
|
|
| 作者: | 刘文英 著 | |
| 分册: | ||
| 出版信息: | 南京 南京大学出版社 2011.04 |
|
| 页数: | 402页 | |
| 开本: | 23cm | |
| 丛书名: | 中国思想家评传丛书 | |
| 单 册: | ||
| 中图分类: | B234.935 | |
| 科图分类: | ||
| 主题词: | ||
| 电子资源: | ||
| ISBN: | 978-7-305-06009-0 | |
| 000 | 01050nam 2200289 450 | |
| 001 | 012011100264 | |
| 005 | 20111205143732.28 | |
| 010 | @a978-7-305-06009-0@dCNY52.00 | |
| 100 | @a20111204d2011 em y0chiy0120 ea | |
| 101 | 0 | @achi |
| 102 | @aCN@b320000 | |
| 105 | @ac a 001yb | |
| 106 | @ar | |
| 200 | 1 | @a王符评传@Awang fu ping chuan@e附崔寔、仲长统评传@f刘文英著@Fliu wen ying zhu |
| 210 | @a南京@c南京大学出版社@d2011.04 | |
| 215 | @a402页@c肖像@d23cm | |
| 225 | 2 | @a中国思想家评传丛书@Azhong guo si xiang jia ping chuan cong shu |
| 312 | @a英文并列题名取自封底 | |
| 320 | @a有书目 (第398-399页) 和索引 | |
| 330 | @a本书根据《潜夫论》,深入分析了王符的思想渊源和思想特征,全面评述了他的政治、经济、法律、哲学、伦理思想和无神论倾向。 | |
| 410 | 0 | @12001 @a中国思想家评传丛书 |
| 517 | 1 | @a附崔寔、仲长统评传@Afu cui shi、zhong chang tong ping chuan |
| 600 | 0 | @a王符,@Awang fu@f约85-162@x传记 |
| 690 | @aB234.935@v4 | |
| 701 | 0 | @a刘文英@Aliu wen ying@4著 |
| 801 | 0 | @aCN@bQSSK@c20111205 |
| 905 | @b795604@dB234.935@eW178@f1 | |
| 王符评传:附崔寔、仲长统评传/刘文英著.-南京:南京大学出版社,2011.04 |
| 402页:肖像;23cm.-(中国思想家评传丛书) |
| ISBN 978-7-305-06009-0:CNY52.00 |
| 本书根据《潜夫论》,深入分析了王符的思想渊源和思想特征,全面评述了他的政治、经济、法律、哲学、伦理思想和无神论倾向。 |
| ● |
| 相关链接 |
|
|
|
正题名:王符评传
索取号:B234.935/W178
 
预约/预借
| 序号 | 登录号 | 条形码 | 馆藏地/架位号 | 状态 | 备注 |
| 1 | 795604 | 207956041 | 社科库509/509社科库 14排3列3层/ [索取号:B234.935/W178] | 在馆 |